Principles of surveying (Record no. 5955)

000 -LEADER
fixed length control field 00477nam a2200193 i 4500
001 - CONTROL NUMBER
control field 5955
003 - CONTROL NUMBER IDENTIFIER
control field BD-DhUET
008 - FIXED-LENGTH DATA ELEMENTS--GENERAL INFORMATION
fixed length control field 770818s1978 vaua 001 0 eng
020 ## - INTERNATIONAL STANDARD BOOK NUMBER
International Standard Book Number 0879096209
040 ## - CATALOGING SOURCE
Original cataloging agency DLC
Transcribing agency DLC
Modifying agency BD-DhUET
082 00 - DEWEY DECIMAL CLASSIFICATION NUMBER
Classification number 526.9
Item number HEB/1978
100 ## - MAIN ENTRY--PERSONAL NAME
Personal name Herubin, Charles A.
245 10 - TITLE STATEMENT
Title Principles of surveying
250 ## - EDITION STATEMENT
Edition statement 2nd ed.
260 ## - PUBLICATION, DISTRIBUTION, ETC. (IMPRINT)
Place of publication, distribution, etc. Virginia
Name of publisher, distributor, etc. Reston Publishing
Date of publication, distribution, etc. 1978
300 ## - PHYSICAL DESCRIPTION
Extent x, 323 p.
Other physical details ill.
Dimensions 24 cm.
650 #0 - SUBJECT ADDED ENTRY--TOPICAL TERM
Topical term or geographic name as entry element Surveying
942 ## - ADDED ENTRY ELEMENTS (KOHA)
Koha item type General Book
Holdings
Piece designation (barcode) Damaged status Koha item type Lost status Koha normalized classification for sorting Source of classification or shelving scheme Date acquired Koha date last borrowed Sublocation or collection (holding branch) Withdrawn status Price effective from Location (home branch) Not for loan Koha issues (times borrowed) Shelving location Koha full call number Koha date last seen Copy number
71787 General Book 526_900000000000000_HEB_1978 2014-11-292023-06-11Central Library, BUET 2014-11-29Central Library, BUET 1Circulation section526.9/HEB/19782023-06-212
72101 General Book 526_900000000000000_HEB_1978 2014-12-02 Central Library, BUET 2014-12-02Central Library, BUET  Circulation section526.9/HEB/19782017-01-293
48010 General Book 526_900000000000000_HEB_1978 2015-03-07 Central Library, BUET 2015-03-07Central Library, BUET  Circulation section526.9/HEB/19782015-03-074
48009 General Book 526_900000000000000_HEB_1978 2015-03-07 Central Library, BUET 2015-03-07Central Library, BUET  Circulation section526.9/HEB/19782015-03-075